| Tag |
First Indicator |
Second Indicator |
Subfields |
| LEADER |
00000cam a2200000 i 4500 |
| 001 |
in00000046720 |
| 005 |
20151007075350.0 |
| 008 |
790604s1978 enk b 00110 eng |
| 010 |
|
|
|a 79303818
|
| 015 |
|
|
|a GB***
|
| 020 |
|
|
|a 0566002183 :
|c 7.50
|
| 035 |
|
|
|a (OCoLC)05100106
|
| 035 |
|
|
|9 AAF3087AM
|
| 040 |
|
|
|a DLC
|c DLC
|d TXA
|d UtOrBLW
|
| 043 |
|
|
|a e-uk---
|
| 049 |
|
|
|a TXAM
|c [1383098]
|
| 050 |
0 |
0 |
|a P91.5.G7
|b B7
|
| 082 |
0 |
|
|a 301.16/2
|
| 100 |
1 |
|
|a Brown, Ray,
|d 1941-
|
| 245 |
1 |
0 |
|a Characteristics of local media audiences /
|c Ray Brown.
|
| 264 |
|
1 |
|a Farnborough :
|b Saxon House,
|c [1978]
|
| 264 |
|
4 |
|c ©1978
|
| 300 |
|
|
|a xii, 130 pages ;
|c 23 cm.
|
| 336 |
|
|
|a text
|b txt
|2 rdacontent
|
| 337 |
|
|
|a unmediated
|b n
|2 rdamedia
|
| 338 |
|
|
|a volume
|b nc
|2 rdacarrier
|
| 500 |
|
|
|a Includes index.
|
| 504 |
|
|
|a Bibliography: page 127.
|
| 650 |
|
0 |
|a Mass media
|x Research
|z Great Britain.
|
| 650 |
|
0 |
|a Radio audiences.
|
| 650 |
|
0 |
|a Newspaper reading.
|
| 999 |
|
|
|a MARS
|
| 999 |
f |
f |
|s 246e4182-c5fa-33df-ac3f-76afd1883d6d
|i 304e9cf4-6ac2-361e-aeab-7befab25f41a
|t 0
|
| 952 |
f |
f |
|p ric
|a Texas A&M University
|b Rellis Campus
|c Joint Library Facility
|s JLF
|d Remote Storage
|t 0
|e P91.5.G7 B7
|h Library of Congress classification
|i unmediated -- volume
|m A14803523410
|
| 998 |
f |
f |
|a P91.5.G7 B7
|t 0
|l Remote Storage
|